Nhập môn toán học tài chính
Shranjeno v:
| Glavni avtor: | |
|---|---|
| Format: | Knjiga |
| Jezik: | Vietnamese |
| Izdano: |
H.
Khoa học và Kỹ thuật
2004
|
| Teme: | |
| Oznake: |
Označite
Brez oznak, prvi označite!
|
| Thư viện lưu trữ: | Thư viện Trường Đại học Nam Cần Thơ |
|---|
| LEADER | 00700aam a22001818a 4500 | ||
|---|---|---|---|
| 001 | NCT_19966 | ||
| 008 | 160713s2016 ||||||viesd | ||
| 999 | |c 948 |d 948 | ||
| 020 | |c 2000000 | ||
| 082 | 0 | 4 | |2 23rd ed. |a 332.0151 |b Th108 |
| 100 | 1 | |a Trần Hùng Thao | |
| 245 | 1 | 0 | |a Nhập môn toán học tài chính |c Trần Hùng Thao |
| 260 | |a H. |b Khoa học và Kỹ thuật |c 2004 | ||
| 300 | |a 408 tr. |c 24 cm | ||
| 653 | |a Tài chính - Ngân hàng | ||
| 942 | |2 ddc |c BK | ||
| 952 | |0 0 |1 0 |2 ddc |4 0 |6 332_015100000000000_TH108 |7 0 |9 6378 |a 000001 |b 000001 |d 2018-01-22 |o 332.0151 Th108 |p MD.05741 |r 2018-01-22 |v 999999.99 |w 2018-01-22 |y BK | ||
| 980 | |a Thư viện Trường Đại học Nam Cần Thơ | ||